000 00244nam a2200097Ia 4500
008 190216s9999||||xx |||||||||||||| ||und||
100 _aGeorge Gamow
245 0 _aBoudhikam-Asthivarangalum Athirugalum
260 _bKerala Basha Inst
942 _cBK
999 _c40117
_d40117